| 000 | 00730cam a22002172 4500 | ||
|---|---|---|---|
| 001 | 0000003313 | ||
| 005 | 20151217151922.0 | ||
| 008 | 070503s xx 000 0 eng d | ||
| 020 | _a0745317693 : | ||
| 040 |
_aKABU _cKABU |
||
| 050 | 0 |
_aHV1337 _b.G84 2001 |
|
| 100 | 1 |
_aGuest, Emma. _@0000153118 |
|
| 245 | 1 | 0 |
_aChildren of AIDS : _bAfrica's orphan crisis / _cEmma Guest. |
| 260 |
_aLondon : _bPluto Press ; _aPietermaritzaburg, South Africa : _bUniversity of Natal Press, _c2001. |
||
| 300 | _axiii, 176 p. | ||
| 650 | 0 |
_aAIDS (Disease) _xSocial aspects _zAfrica. _@0000153119 |
|
| 650 | 0 |
_aOrphans _xServices _zAfrica. _@0000153120 |
|
| 908 | _a070503 | ||
| 950 | _@1 | ||
| 999 |
_c6353 _d6353 |
||